000
00457nam a2200181Ia 4500
008
100917s9999 xx 000 0 und d
082
_b
43515
100
_a
संत वि. द.
245
_a
गुलमोहर
260
_b
प्रणव प्रकाशन
_c
1980
300
_a
102
365
_b
12
520
_a
कथा
630
_a
गुलमोहर
650
_a
कथा
730
_a
गुलमोहर
942
_c
BOOK
999
_c
648909
_d
648906